Gaming Quiz

Random Gaming or Soccer Quiz

Highest Rated FIFA Players Per Year Quiz Stats

 Plays Quiz Updated Sep 27, 2019

Score 0/177 Timer 14:00
39 Plays Today
Answer % Correct
Cristiano Ronaldo
99%
Cristiano Ronaldo
99%
Cristiano Ronaldo
99%
Cristiano Ronaldo
99%
Cristiano Ronaldo
99%
Cristiano Ronaldo
99%
Cristiano Ronaldo
99%
Cristiano Ronaldo
99%
Cristiano Ronaldo
99%
Cristiano Ronaldo
99%
Cristiano Ronaldo
99%
Cristiano Ronaldo
99%
Cristiano Ronaldo
99%
Lionel Messi
99%
Lionel Messi
99%
Lionel Messi
99%
Lionel Messi
99%
Lionel Messi
99%
Lionel Messi
99%
Lionel Messi
99%
Lionel Messi
99%
Lionel Messi
99%
Lionel Messi
99%
Lionel Messi
99%
Lionel Messi
99%
Ronaldo
98.8%
Neymar Jr.
88%
Neymar Jr.
88%
Neymar Jr.
88%
Neymar Jr.
87.8%
Neymar Jr.
87.8%
Wayne Rooney
75.9%
Wayne Rooney
75.9%
Wayne Rooney
75.9%
Wayne Rooney
75.9%
Wayne Rooney
75.9%
Eden Hazard
75.5%
Eden Hazard
75.5%
Eden Hazard
75.5%
Eden Hazard
75.4%
Eden Hazard
75.4%
Luis Suárez
74.3%
Luis Suárez
74.3%
Luis Suárez
74.3%
Luis Suárez
74.3%
Luis Suárez
73.8%
Ronaldinho
73.2%
Ronaldinho
73.2%
Ronaldinho
73.2%
Mohamed Salah
71.8%
Sergio Ramos
71.7%
Sergio Ramos
71.2%
Luka Modrić
70.3%
Luka Modrić
70.3%
Andrés Iniesta
70%
Andrés Iniesta
70%
Andrés Iniesta
70%
Andrés Iniesta
70%
Andrés Iniesta
69.6%
Answer % Correct
Andrés Iniesta
69.6%
Manuel Neuer
69.4%
Manuel Neuer
69.4%
Manuel Neuer
69.4%
Manuel Neuer
69.4%
Manuel Neuer
68.7%
Sergio Agüero
67.8%
Xavi
67.4%
Xavi
67.4%
Xavi
67.4%
Xavi
67%
Kevin De Bruyne
66.2%
Kevin De Bruyne
66.2%
Zlatan Ibrahimović
65.2%
Zlatan Ibrahimović
65.2%
Zlatan Ibrahimović
65.2%
Zlatan Ibrahimović
65.2%
Zlatan Ibrahimović
65.2%
Zlatan Ibrahimović
65.2%
Zlatan Ibrahimović
64.7%
Virgil van Dijk
64.1%
Frank Lampard
62.8%
Frank Lampard
62.8%
David De Gea
62.7%
David De Gea
62.1%
David De Gea
62.1%
Robert Lewandowski
62%
Robert Lewandowski
62%
Steven Gerrard
61.5%
Robert Lewandowski
61.5%
Steven Gerrard
61.3%
Thierry Henry
61.2%
Thierry Henry
61.2%
Gareth Bale
61.1%
Arjen Robben
60.4%
Arjen Robben
60.4%
Arjen Robben
60.4%
Arjen Robben
60%
Arjen Robben
59.9%
Gianluigi Buffon
58.9%
Gianluigi Buffon
58.9%
Gianluigi Buffon
58.9%
Gianluigi Buffon
58.9%
Gianluigi Buffon
58.4%
Thiago Silva
57.6%
David Silva
57.1%
David Silva
57.1%
David Silva
57%
Kaká
56.8%
Kaká
56.8%
Kaká
56.8%
Toni Kroos
56.4%
Toni Kroos
55.7%
Franck Ribéry
54.9%
Franck Ribéry
54.7%
Franck Ribéry
54.7%
Franck Ribéry
54.7%
Franck Ribéry
54.7%
Franck Ribéry
54.7%
Answer % Correct
Didier Drogba
53.9%
Fernando Torres
48.3%
Fernando Torres
48.3%
Robin van Persie
47.2%
Robin van Persie
47%
Robin van Persie
47%
Iker Casillas
46.4%
Iker Casillas
46.4%
Iker Casillas
46.4%
Iker Casillas
46.4%
Iker Casillas
46.4%
Iker Casillas
46.4%
Iker Casillas
45.9%
Carles Puyol
45.3%
Carles Puyol
45%
Carles Puyol
45%
Jan Oblak
43.8%
Jan Oblak
43.8%
John Terry
42.8%
John Terry
42.8%
John Terry
42.6%
Samuel Eto'o
42.3%
Samuel Eto'o
42.3%
Marc-André ter Stegen
40.2%
David Villa
39.9%
Thibaut Courtois
36%
Jérôme Boateng
34%
Nemanja Vidić
33.9%
Nemanja Vidić
33.9%
Nemanja Vidić
33.9%
Fabio Cannavaro
33.5%
Gonzalo Higuaín
32.5%
Francesco Totti
28.5%
Bastian Schweinsteiger
28.5%
Bastian Schweinsteiger
28.5%
Andriy Shevchenko
27.9%
Petr Čech
27.9%
Petr Čech
27.9%
Petr Čech
27.9%
Petr Čech
27.9%
Alessandro Nesta
26.2%
Alessandro Nesta
26.2%
Cesc Fàbregas
26%
Cesc Fàbregas
26%
Alessandro Nesta
25.5%
Diego Godín
24.7%
Radamel Falcao
24.1%
Radamel Falcao
23.6%
Radamel Falcao
23.6%
Adriano
18.1%
Diego Forlán
17.7%
Oliver Kahn
16.4%
David Trezeguet
11.6%
Luca Toni
11.3%
Júlio César
10.2%
Júlio César
10.2%
Cris
5.2%
Grégory Coupet
4.6%
Zé Roberto
3.9%

You're not logged in!

Compare scores with friends on all Sporcle quizzes.
OR
Log In

Sporcle TV

Today on Sporcle TV


Watch our educational content, quiz creation guides, and fun videos on Sporcle TV.

Show Comments

Extras

Top Quizzes Today


Score Distribution

Your Account Isn't Verified!

In order to create a playlist on Sporcle, you need to verify the email address you used during registration. Go to your Sporcle Settings to finish the process.

Report this User

Report this user for behavior that violates our Community Guidelines.

Details: